A inclusão das pessoas com deficiência no mercado de trabalho (Record no. 1552)

MARC details
000 -LÍDER
Campo Fixo de Controle 00902nam a2200241 a 4500
001 - NÚMERO DE CONTROLE
Campo de Controle 1552
003 - IDENTIFICAÇÃO DO NÚMERO DE CONTROLE
Campo de Controle BR-CuiBMT
005 - DATA E HORA DA ÚLTIMA ATUALIZAÇÃO
Campo de Controle 20231215031800.0
008 - DADOS FIXOS
Dados Fixos 231214s2010 dfb 000 0 por d
040 ## - AGÊNCIA CATALOGADORA
Código da Agência Catalogadora BR-CuiBMT
Agência que transcreveu o registro BR-CuiBMT
080 ## - Nº DA CLASSIFICAÇÃO DECIMAL UNIVERSAL
Nº Class. CDU 331.5
Subd. Auxiliar Comum -056.26
Nº edição CDU 2007
090 ## - NÚMERO DE CHAMADA
Complemento Braile
Nº classificação 331.5-056.26
Cutter B823a
110 1# - ENTRADA PRINCIPAL -- ENTIDADE
Nome da entidade ou lugar Brasil.
Unidade subordinada Senado Federal.
245 12 - TÍTULO PRINCIPAL
Título principal A inclusão das pessoas com deficiência no mercado de trabalho
Meio (DGM) [braile] /
Indicação de responsabilidade Senado Federal.
260 ## - PUBLICAÇÃO, DISTRIBUIÇÃO, ETC.
Local de publicação Brasília :
Editora SEEP,
Data 2010
300 ## - DESCRIÇÃO FÍSICA
N. páginas ou volumes 2 v. ;
Dimensões 29 x 28 cm
500 ## - NOTAS GERAIS
Notas gerais Transcrito em dois volumes para o Sistema Braile pela Secretaria Especial de Editoração e Publicações do Senado Federal.
650 ## - ASSUNTO TÓPICO
Cabeçalho tópico ou nome geográfico Pessoas com deficiência
Subdivisão geral Emprego
Subdivisão geográfica Brasil
650 ## - ASSUNTO TÓPICO
Cabeçalho tópico ou nome geográfico Pessoas com deficiência
Subdivisão de forma Legislação
Subdivisão geral Emprego
Subdivisão geográfica Brasil
650 ## - ASSUNTO TÓPICO
Cabeçalho tópico ou nome geográfico Direito ao trabalho
Subdivisão geográfica Brasil
650 ## - ASSUNTO TÓPICO
Cabeçalho tópico ou nome geográfico Integração social
Subdivisão geográfica Brasil
942 ## - ELEMENTOS DE ENTRADA ADICIONAIS (KOHA)
Fonte de classificação ou esquema de arquivamento Classificação Decimal Universal
Tipo de item do Koha Livros
Holdings
Estado: removido Estado: perdido Fonte de classificação ou esquema de arquivamento Estado: danificado Indisponível para empréstimo Localização permanente Localização atual Data de aquisição Numeração serial ou cronológica (Volume) Total Checkouts Número de Chamada completo Código de barras Date last seen Número do exemplar Preço efetivo a partir de Tipo de item (Koha)
    Classificação Decimal Universal     Biblioteca da Escola Superior de Contas do TCE/MT Biblioteca da Escola Superior de Contas do TCE/MT 14/12/2023 v. 1   Braile 331.5-056.26 B823a BIBTCEMT23120529 15/12/2023 Ex. 1 15/12/2023 Livros
    Classificação Decimal Universal     Biblioteca da Escola Superior de Contas do TCE/MT Biblioteca da Escola Superior de Contas do TCE/MT 14/12/2023 v. 2   Braile 331.5-056.26 B823a BIBTCEMT23120530 15/12/2023 Ex. 1 15/12/2023 Livros

Powered by Koha